Statistics for History of New Zealand

Click here to take the quiz!

General Stats

  • This quiz has been taken 440 times
    (433 since last reset)
  • The average score is 14 of 22

Answer Stats

QuestionAnswer% Correct
Which captain circumnavigated and mapped New Zealand for the first time in 1769?James Cook
96%
The Polynesian people settled in the New Zealand between 1250-1300 and developed a
distinctive culture. Who did they become?
Māori
95%
What famous film trilogy was mainly filmed in New Zealand between 1999-2003?The Lord of the Rings
95%
New Zealand became the first country in the world to allow what group to vote in 1893?Women
95%
What city did Wellington replace as the national capital of New Zealand in 1865?Auckland
91%
Which New Zealand city was devastated by an earthquake in 2011?Christchurch
89%
The population of what animal reached a peak of 70 million in 1982?Sheep
85%
What mountain climber, alongside Sherpa mountaineer Tenzing Norgay, became the first
to have reached the summit of Mount Everest?
Edmund Hillary
83%
Who was the director of the above throughout the triology?Peter Jackson
74%
Who was the first European explorer to reach New Zealand in 1642?Abel Tasman
73%
What political parties has dominated New Zealand politics since the independence?Labour
69%
What New Zealand singer won the "Song of the Year" category of Grammy Awards
for her song "Royals" in 2014?
Lorde
69%
What type of gigantic flightless bird was hunted to extinction around 1400 AD?Moa
67%
What Polynesian god has supposedly pulled the North Island out of the sea
with his legendary fishing hook?
Māui
49%
What treaty was signed in 1840 in the Bay of Islands and was the first attempt from the
British to establish colonies in New Zealand?
Treaty of {Waitangi}
43%
What New Zealand physicist came to be known as the father of nuclear physics?Ernest Rutherford
42%
What New Zealand actor won the Academy Award for Best Actor in 2001?Russell Crowe
39%
Who is regarded as the first true global superstar of rugby union?Jonah Lomu
37%
What political parties has dominated New Zealand politics since the independence?National
37%
In which region did a gold rush occur during the 1860s?Otago
26%
The Oruanui eruption of what volcano was the most recent supereruption in the world?{Taupo} Volcano
20%
What city is considered to be the first established incorporated city in New Zealand?Nelson
16%

Score Distribution

Percentile by Number Answered

Percent of People with Each Score

Your Score History

You have not taken this quiz since the last reset